00654nam a2200169 a 450000100100000000500170001000800410002704000260006810000340009424500870012826000350021530000280025059000750027804900090035395201050036299900170046700003537520200930074309.0111028s1968 xxua 000 0 spa d aDO-SdBNPbing.cBNPHU1 aFriedlander, Albert H.96118810aOut of the whirlwind :ba reader of holocaust literature /cAlbert H. Friedlander. aNew York :bDoubleday ,c1968. a536 p. :bil. ;c24 cm. aPerteneció a la biblioteca personal de Juan Isidro Jimenes Grullón aBNPD 001050718MOaGRbGRcCTd2011-10-28iLF1l0o p35375-10r2020-06-25w2020-06-25y1ZNo se presta c34866d34866